| 000 | 01886na a2200409 4500 | ||
|---|---|---|---|
| 001 | 22807 | ||
| 003 | MIRAKIL | ||
| 005 | 20181213155239.0 | ||
| 008 | 170226b tu 000 0 | ||
| 040 |
_aMilas _btur _cTR-AnCHP |
||
| 041 | _aeng | ||
| 082 |
_aCHP 337.14206 _bC36a 2009/03 |
||
| 090 | _aCHP 337.14206 C36a 2009/03 | ||
| 091 | _aDIŞ POLİTİKA -2- AB | ||
| 110 |
_aCumhuriyet Halk Partisi (CHP) _bAvrupa Birliği Temsilciliği |
||
| 222 | _aAB temsilciliği raporları | ||
| 245 |
_aGender equality in Turkey and the EU _bEuropean Parliamant, Brussels-18 March 2009 _cALDE-Alliance of Liberals and Democrats for Europe in Ccoperation with TUSİAD and KAGİDER |
||
| 246 | _aCHP Avrupa Birliği Temsilciliği etkinlikleri | ||
| 260 |
_aBrussels _bCHP EU Representation _cMarch 2009 |
||
| 300 |
_a4 s. _brnkl. fotg. _c30 sm. |
||
| 440 |
_aCumhuriyet Halk Partisi yayınları _pRaporlar |
||
| 490 | _aAB Temsilciliği | ||
| 500 | _aYerel numaradaki sayılar, raporların sunulduğu ayları temsil eder : Ocak -1 ; Şubat -2 ; Mart -3 ; Nisan -4 ; Mayıs -5; Haziran -6 ; Temmuz-7 ; Ağustos -8 ; Eylül -9 ; Ekim -10 ; Kasım -11 ; Aralık -12 | ||
| 500 | _aCumhuriyet Halk Partisi AB Temsilciliğinin çeşitli program ve faaliyet raporları | ||
| 610 |
_aCHP _bAB temsiciliği _xRaporlar |
||
| 610 |
_aCHP _xYurtdışı temsilcilikleri _yAB temsilciliği |
||
| 610 |
_aCHP _xAB üyelik süreci _yRaporlar |
||
| 610 |
_aCHP _xDış politika _zAvrupa Birliği |
||
| 610 |
_aCHP _xDış ilişkiler _zAvrupa Birliği |
||
| 650 | _aAvrupa Birliği - Türkiye ilişkileri | ||
| 651 |
_aTürkiye _xDış ilişkiler _zAvrupa Birliği |
||
| 740 | _aAB temsilciliği raporları | ||
| 740 | _aCHP Avrupa Birliği Temsilciliği çalışmaları | ||
| 740 | _aCHP Avrupa Birliği Temsilciliği raporları | ||
| 942 |
_2ddc _cBKS |
||
| 999 |
_c9228 _d9228 |
||